[Event "XIII TCh-RUS"]
[Site "Sochi RUS"]
[Date "2006.04.28"]
[Round "9"]
[White "Kobalia,M"]
[Black "Eljanov,P"]
[Result "1/2-1/2"]
[WhiteElo "2654"]
[BlackElo "2665"]

1.d4 Nf6 2.c4 e6 3.Nc3 Bb4 4.Qc2 O-O 5.a3 Bxc3+ 6.Qxc3 b6 7.Nf3 Bb7 8.e3 d5
9.b4 c5 10.dxc5 bxc5 11.Bb2 Nbd7 12.Be2 dxc4 13.Qxc4 Bd5 14.Qf4 Qb8 15.Ne5 cxb4
16.axb4 Ne4 17.O-O g5 18.Ng4 h5 19.Qxb8 Rfxb8 20.Nh6+ Kf8 21.Bxh5 f5 22.Rfd1 Nef6
23.Bf3 Bxf3 24.gxf3 Ke7 25.Ra5 Rh8 26.Nxf5+ exf5 27.Rxf5 Rhg8 28.Ra5 g4 29.f4 Rgc8
30.Ra6 Ne4 31.f5 Nb6 32.Bd4 Nc3 33.Bc5+ Kf6 34.Rda1 Rab8 35.R1a5 Rb7 36.Kg2 Rcc7
37.Bd6 Rc4 38.Be5+ Kg5 39.Bf4+ Kf6 40.Be5+ Kg5 41.Bf4+ Kf6 42.Rc5 Rxc5 43.bxc5 Nd5
44.cxb6 Nxf4+ 45.exf4 axb6 46.Kg3 Kxf5 47.Ra4 b5 48.Rb4 Rb8 49.f3 gxf3 50.Kxf3 Rb7
51.h4 Rb8 52.h5 Rb7 53.Kg3 Rb8 54.Kh4 Rb6  1/2-1/2

[Event "XIII TCh-RUS"]
[Site "Sochi RUS"]
[Date "2006.04.30"]
[Round "11"]
[White "Kasimdzhanov,R"]
[Black "Eljanov,P"]
[Result "1/2-1/2"]
[WhiteElo "2673"]
[BlackElo "2665"]

1.e4 e5 2.Nf3 Nf6 3.Nxe5 d6 4.Nf3 Nxe4 5.d4 d5 6.Bd3 Bd6 7.O-O O-O 8.c4 c6
9.Re1 Bf5 10.Nc3 Nxc3 11.bxc3 Bxd3 12.Qxd3 dxc4 13.Qxc4 Nd7 14.Qb3 Qc7 15.c4 Rfe8
16.Bb2 Qb6 17.Bc3 Qxb3 18.axb3 a6 19.Kf1 f6 20.Nh4 g6 21.Nf3 Kf7 22.Red1 h6
23.d5 c5 24.Re1 g5 25.g4 Bf4 26.h4 Nf8 27.h5 Nd7 28.Ra2 Rxe1+ 29.Kxe1 Re8+
30.Re2 Rxe2+ 31.Kxe2 b5 32.Ne1  1/2-1/2

[Event "TCh-ESP Honor Gp1"]
[Site "Olite ESP"]
[Date "2006.09.09"]
[Round "4"]
[White "Comas Fabrego,L"]
[Black "Eljanov,P"]
[Result "1/2-1/2"]
[WhiteElo "2495"]
[BlackElo "2651"]

1.d4 Nf6 2.c4 e6 3.Nc3 Bb4 4.e3 O-O 5.Bd3 d5 6.cxd5 exd5 7.Ne2 Re8 8.O-O Bf8
9.h3 a5 10.Bd2 Na6 11.Rc1 c6 12.Ng3 g6 13.Bb1 Nc7 14.f4 c5 15.f5 b6 16.Qf3  1/2-1/2

[Event "TCh-ESP Honor Gp1"]
[Site "Olite ESP"]
[Date "2006.09.10"]
[Round "5"]
[White "Eljanov,P"]
[Black "Cacho Reigadas,S"]
[Result "1-0"]
[WhiteElo "2651"]
[BlackElo "2476"]

1.d4 Nf6 2.c4 g6 3.Nc3 Bg7 4.e4 d6 5.h3 Na6 6.Be3 c6 7.Nf3 O-O 8.g3 Qa5 9.Nd2 e5
10.d5 Ne8 11.Bg2 c5 12.O-O Qd8 13.Kh1 Bd7 14.a3 b6 15.Qc2 Rb8 16.Rab1 Rb7
17.b4 Bc8 18.Na4 f5 19.f4 exf4 20.Rxf4 Rbf7 21.bxc5 bxc5 22.Rbf1 Bh6 23.R4f3 Bxe3
24.Rxe3 Qg5 25.Rff3 f4 26.gxf4 Rxf4 27.Nb2 Rxf3 28.Rxf3 Rxf3 29.Nxf3 Qg3
30.Qa4 Nac7 31.Ng1 g5 32.Qd1 g4 33.Qf1 Qxa3 34.Nd3 Qc3 35.e5 dxe5 36.Nxc5 gxh3
37.Bxh3 Bxh3 38.Nxh3 Nd6 39.Nd7 h6 40.Qf8+ Kh7 41.Qe7+ Kh8 42.Ng1 Nce8 43.Nf6 Nxf6
44.Qxf6+ Kh7 45.Qxd6 Qxc4 46.Qe7+ Kg6 47.Qe6+ Kh7 48.Qf5+ Kg7 49.Qxe5+ Kg6
50.Qe6+ Kg7 51.Ne2 Qh4+ 52.Kg2 Qf6 53.Qd7+ Qf7 54.Qc6 Qg6+ 55.Ng3 h5 56.Qc7+ Kf6
57.d6 Qf7 58.d7 Qa2+ 59.Kf3 Qa3+ 60.Kf2  1-0

[Event "TCh-ISR"]
[Site "Israel ISR"]
[Date "2008.05.30"]
[Round "11"]
[White "Alterman,B"]
[Black "Eljanov,P"]
[Result "1-0"]
[WhiteElo "2558"]
[BlackElo "2687"]

1.Nf3 Nf6 2.c4 e6 3.Nc3 Bb4 4.Qc2 O-O 5.a3 Bxc3 6.Qxc3 d6 7.d4 Nbd7 8.g3 a5
9.Bg2 a4 10.O-O h6 11.Qc2 Qe7 12.Bd2 e5 13.dxe5 dxe5 14.Rad1 Nb8 15.Bc3 Nc6
16.Nh4 Qc5 17.Bxc6 Qxc6 18.Bxe5 Re8 19.Bxf6 Qxf6 20.Rfe1 Ra6 21.Ng2 Bf5 22.Qc1 Rb6
23.Ne3 Be4 24.Rd2 Rb3 25.Nd5 Qc6 26.Rd4 Qc5 27.Red1 Bxd5 28.Rxd5 Qe7 29.R1d2 Qf6
30.Qc2 c6 31.R5d4 Qe5 32.e3 g6 33.c5 Rb5 34.Rc4 Ra8 35.Qc3 Qxc3 36.Rxc3 Raa5
37.Rdc2 Kf8 38.h4 Ke7 39.Kg2 Ra8 40.Rc4 h5 41.Rd2 Kf8 42.Rd7 Re8 43.Rxa4 Rxb2
44.Rb4 Rxb4 45.axb4 Rb8 46.Rc7 Kg7 47.Kf3 Kf6 48.Kf4 Ke6 49.e4 f5 50.f3 fxe4
51.Kxe4 Kf6 52.Kf4 Ke6 53.Kg5 Kd5 54.Rf7 b6 55.cxb6 Rxb6 56.Rf4 Rb8 57.g4 hxg4
58.fxg4 Ke5 59.Rf6 Kd5 60.Rxg6 Rxb4 61.h5 Rb1 62.h6 Rh1 63.Rg8 c5 64.Kg6 c4
65.h7  1-0

[Event "Politiken Cup"]
[Site "Helsingor DEN"]
[Date "2008.07.23"]
[Round "6"]
[White "Kuzubov,Y"]
[Black "Eljanov,P"]
[Result "1-0"]
[WhiteElo "2578"]
[BlackElo "2716"]

1.Nf3 Nf6 2.c4 e6 3.Nc3 Bb4 4.Qc2 O-O 5.a3 Bxc3 6.Qxc3 d6 7.d4 Nbd7 8.g3 b6
9.Bg2 Bb7 10.O-O c5 11.Rd1 Qe7 12.b4 Rfc8 13.Bb2 a6 14.Rac1 a5 15.bxc5 bxc5
16.d5 exd5 17.cxd5 Nb6 18.Nh4 Na4 19.Qc2 Nxb2 20.Qxb2 Rcb8 21.Nf5 Qd8 22.Qd2 Bc8
23.Ne3 Bd7 24.Rb1 a4 25.Rxb8 Rxb8 26.Nc4 Qc7 27.Qf4 Ne8 28.Be4 Bb5 29.Bd3 Bxc4
30.Qxc4 Qa5 31.Bc2 Nf6 32.Bxa4 h6 33.Kg2 Rb6 34.Rd3 Qe1 35.Rd1 Qa5 36.Rd3 Qe1
37.Rb3 Rxb3 38.Bxb3 Nd7 39.Qb5 Ne5 40.f4 Nd7 41.Bc4 Qc3 42.Bd3 Nf8 43.a4 g5
44.fxg5 hxg5 45.a5 c4 46.Bxc4 Ng6 47.a6 Qd4 48.Bd3 Ne5 49.h3 Kg7 50.Qb3 Qa1
51.Qb1 Qa5 52.Kh2 Qa3 53.Qd1 Qa2 54.Qc2 Qa5 55.Qc1 f6 56.Qe3 Qa1 57.Qe4 Qf1
58.Qh7+ Kf8 59.Qf5  1-0

[Event "Politiken Cup"]
[Site "Helsingor DEN"]
[Date "2008.07.25"]
[Round "8"]
[White "Kogan,Ar"]
[Black "Eljanov,P"]
[Result "1/2-1/2"]
[WhiteElo "2569"]
[BlackElo "2716"]

1.e4 e5 2.Nc3 Nf6 3.Bc4 Nc6 4.Nf3 Bc5 5.d3 h6 6.Nd5 d6 7.c3 Nxd5 8.Bxd5 O-O
9.h3 Be6 10.Bxe6 fxe6 11.O-O Bb6 12.Be3 d5 13.exd5 exd5 14.d4 exd4 15.Nxd4 Nxd4
16.Bxd4 Rf4 17.Qd2 Qd6 18.Bxb6 axb6 19.a3 Re4  1/2-1/2

[Event "Politiken Cup"]
[Site "Helsingor DEN"]
[Date "2008.07.27"]
[Round "10"]
[White "Brunello,S"]
[Black "Eljanov,P"]
[Result "0-1"]
[WhiteElo "2482"]
[BlackElo "2716"]

1.e4 c6 2.d4 d5 3.e5 Bf5 4.Nf3 e6 5.Be2 Nd7 6.O-O Ne7 7.b3 c5 8.Na3 a6 9.c4 Be4
10.Bb2 Nf5 11.cxd5 Bxd5 12.Nc2 Be7 13.dxc5 Bxc5 14.Ncd4 Ne7 15.Rc1 O-O 16.Bc4 Rc8
17.Qe2 Qb6 18.h4 Rfd8 19.h5 Nf8 20.Bd3 Rd7 21.Bb1 h6 22.Nc2 Nf5 23.Kh2 Rcd8
24.Nce1 Bc6 25.Bd3 Bb4 26.Rc4 Bxf3 27.Qxf3 Nd4 28.Qe4 Bxe1 29.Rxe1 Nf5 30.Be2 Qxf2
31.Rf1 Qg3+ 32.Kg1 Qe3+ 33.Kh2 Rd2 34.Bc1 Qxe2  0-1

[Event "15th Ordix Open"]
[Site "Mainz GER"]
[Date "2008.08.03"]
[Round "6"]
[White "Jaracz,P"]
[Black "Eljanov,P"]
[Result "0-1"]
[WhiteElo "2501"]
[BlackElo "2716"]

1.c4 Nf6 2.Nc3 e5 3.Nf3 Nc6 4.d4 exd4 5.Nxd4 Bb4 6.g3 Bxc3+ 7.bxc3 d6 8.Bg2 Ne5
9.f4 Ned7 10.O-O O-O 11.e4 Re8 12.Re1 Nb6 13.e5 Nfd7 14.exd6 Rxe1+ 15.Qxe1 cxd6
16.Qe2 Nc5 17.f5 Bd7 18.Bf4 Qf6 19.Re1 h6 20.g4 Re8 21.Qf1 Rxe1 22.Qxe1 Nxc4
23.Qg3 Bc6 24.g5 hxg5 25.Bxg5 Qe5 26.Bf4 Qf6 27.Bg5 Qe5 28.Bf4 Qe7 29.Bxc6 bxc6
30.Nxc6 Qe4 31.Bh6 g6 32.Nd4 Ne5 33.fxg6 fxg6 34.Qf2 Qg4+ 35.Kh1 Qd1+ 36.Kg2 Qg4+
37.Kh1 Nf7 38.Be3 Ne4 39.Qf3 Qxf3+ 40.Nxf3 Nxc3 41.Bxa7 Nxa2 42.Kg2 Nc3 43.h4 Ne4
44.Bd4 Nd8 45.Kh3 Ne6 46.Be3 Kf7 47.Kg4 Nf6+ 48.Kh3 Nd5 49.Bd2 Nf6 50.Be3 Ng7
51.Ng5+ Ke7 52.Bd4 Nf5 53.Bb2 d5 54.Nf3 Ke6 55.Ne5 Ne7 56.Kg3 Kf5 57.Nf3 Ne4+
58.Kh3 Nc6 59.Ne1 Nc5 60.h5 gxh5 61.Kh4 Kg6 62.Ba3 Ne6 63.Nd3 d4 64.Bd6 Kh6
65.Ba3 Kg6 66.Bd6 Kh6 67.Ba3 Na5 68.Bc1+ Kg6 69.Ne5+ Kf5 70.Nf3 Kg6 71.Ne5+ Kf5
72.Nf3 d3 73.Kxh5 Nf4+ 74.Kh4 Nb3 75.Ne1 Ng2+ 76.Nxg2 Nxc1 77.Kg3 d2 78.Ne3+ Ke4
79.Kf2 Kd3 80.Nd1 Nb3 81.Kf3 Nd4+ 82.Kf4 Kc2 83.Nf2 Ne2+ 84.Ke3 Ng3 85.Kf4 Nh1
86.Ng4 Kd3 87.Ne3 Nf2 88.Kf3 Ne4 89.Nd1 Ng5+ 90.Kf4 Ne6+ 91.Kf3 Nd4+ 92.Kf4 Ke2
93.Nb2 Nc6 94.Ke4 Nb4 95.Kd4 Nc2+ 96.Kc3 Ne3 97.Kd4 Nc2+ 98.Kc3 Ne1 99.Kd4 Nd3
100.Na4 Ke1 101.Nc3 Nf4 102.Ke4 Ne2  0-1

[Event "Tal Memorial Blitz"]
[Site "Moscow RUS"]
[Date "2008.08.29"]
[Round "9"]
[White "Eljanov,P"]
[Black "Alekseev,Evgeny"]
[Result "0-1"]
[WhiteElo "2716"]
[BlackElo "2708"]

1.d4 Nf6 2.c4 e6 3.Nc3 Bb4 4.Qc2 O-O 5.e4 d5 6.e5 Ne4 7.Bd3 c5 8.Ne2 cxd4
9.Nxd4 Nc5 10.Bxh7+ Kh8 11.Bd3 dxc4 12.Bxc4 Qxd4 13.Be2 Qxe5 14.O-O Nc6 15.Be3 Bxc3
16.bxc3 b6 17.Bf3 Bb7 18.Rfe1 Qf5 19.Qxf5 exf5 20.Bxc5 bxc5 21.Reb1 Rab8
22.Rxb7 Rxb7 23.Bxc6 Rb2 24.g3 Rfb8  0-1

[Event "Tal Memorial Blitz"]
[Site "Moscow RUS"]
[Date "2008.08.30"]
[Round "27"]
[White "Eljanov,P"]
[Black "Karjakin,Sergey"]
[Result "1-0"]
[WhiteElo "2716"]
[BlackElo "2727"]

1.d4 Nf6 2.c4 e6 3.Nc3 Bb4 4.Qc2 O-O 5.e4 d5 6.e5 Ne4 7.Bd3 c5 8.Ne2 cxd4
9.Nxd4 Nd7 10.Bf4 Ndc5 11.O-O Bxc3 12.bxc3 Nxd3 13.Qxd3 b6 14.Nc6 Qd7 15.cxd5 exd5
16.Nb4 Bb7 17.f3 Nc5 18.Qd2 Rac8 19.Be3 Ne6 20.Rfd1 Rfd8 21.Bd4 Qa4 22.Nc2 Rc7
23.Ne3 Rdc8 24.Nf5 Ba6 25.h4 Qd7 26.Nd6 Rf8 27.a4 Bc4 28.a5 b5 29.h5 a6 30.h6 g6
31.Qf2 f5 32.f4 Rc6 33.g3 Qc7 34.Kh2 Ra8 35.Bb6 Qe7 36.Nxc4 dxc4 37.Qf3 Rac8
38.Kg2 b4 39.cxb4 Qxb4 40.Rab1 Qe7 41.Rbc1 c3 42.Rc2 Qf8 43.Qd5 Qf7 44.Qa2 g5
45.fxg5 Nxg5 46.Qxf7+ Kxf7 47.Rd7+ Kg6 48.Be3 Ne4 49.Rg7+ Kh5 50.Kf3 Nd2+
51.Rxd2 cxd2 52.Bxd2 Rg6 53.Rxh7 Rd8 54.Bf4 Rd3+ 55.Ke2 Ra3 56.Rd7 Ra2+ 57.Ke3 Kg4
58.h7 Rh2 59.Kd4 Kf3 60.Kd5 Rh1 61.e6 Rd1+ 62.Ke5 Re1+ 63.Kxf5 Rexe6 64.h8=Q  1-0

[Event "18th TCh-CRO"]
[Site "Sibenik CRO"]
[Date "2009.09.28"]
[Round "8"]
[White "Eljanov,P"]
[Black "Naiditsch,A"]
[Result "1-0"]
[WhiteElo "2717"]
[BlackElo "2685"]

1.d4 Nf6 2.c4 e6 3.Nf3 d5 4.g3 dxc4 5.Bg2 Nc6 6.Qa4 Nd7 7.Qxc4 Nb6 8.Qb5 a6
9.Qd3 e5 10.Nxe5 Nb4 11.Qd1 Qxd4 12.Qxd4 Nc2+ 13.Kd1 Nxd4 14.Be3 Nf5 15.Bxb6 cxb6
16.Nd2 Bc5 17.Nd3 Rb8 18.Rc1 Be7 19.e3 O-O 20.Ke2 Bd7 21.Nc4 Bd8 22.Rhd1 Re8
23.b3 Bb5 24.Bh3 Bxc4 25.Bxf5 Bb5 26.a4 Bxd3+ 27.Rxd3 g6 28.Bh3 Kf8 29.Bd7 Re7
30.f4 f5 31.Kf3 h5 32.h3 Kf7 33.g4 hxg4+ 34.hxg4 fxg4+ 35.Bxg4 b5 36.axb5 axb5
37.e4 Bb6 38.e5 Rh8 39.Rd6 Ba7 40.Rd7 Bb6 41.Rcd1 Re8 42.R7d5 Rc7 43.Rxb5 Rc3+
44.Kg2 Rc2+ 45.Kg3 Bf2+ 46.Kf3 Re7 47.Rh1 Kg7 48.Rh2 Rc5 49.Rxc5 Bxc5 50.Rg2 Kh6
51.Ke4 b6 52.Bd1 Ra7 53.Bc2 Ra1 54.b4 Bxb4 55.Kd5 Ra5+ 56.Ke6 g5 57.Rh2+ Kg7
58.f5  1-0

[Event "17th TCh-Eur"]
[Site "Novi Sad SRB"]
[Date "2009.10.28"]
[Round "7"]
[White "Navara,D"]
[Black "Eljanov,P"]
[Result "0-1"]
[WhiteElo "2692"]
[BlackElo "2717"]

1.Nf3 Nf6 2.c4 e6 3.g3 d5 4.d4 Bb4+ 5.Bd2 Be7 6.Bg2 c6 7.O-O Nbd7 8.Nc3 dxc4
9.a4 a5 10.Bg5 O-O 11.e3 Nd5 12.Bxe7 Qxe7 13.Nd2 N7b6 14.Qe2 Qb4 15.Nde4 Nd7
16.Rfc1 b6 17.Na2 Qxa4 18.Qxc4 Qxc4 19.Rxc4 Nb8 20.Rcc1 Rd8 21.Nac3 Na6 22.Nd2 Nab4
23.Na2 Nxa2 24.Rxa2 Ba6 25.Nc4 Bxc4 26.Rxc4 Rac8 27.Ra1 Nb4 28.Rac1 b5 29.Rxb4 axb4
30.Rc5 Rd6 31.Kf1 Ra8 32.Bxc6 Rc8 33.Be4 Rxc5 34.dxc5 Rd1+ 35.Ke2 Rc1 36.c6 b3  0-1

[Event "17th TCh-Eur"]
[Site "Novi Sad SRB"]
[Date "2009.10.29"]
[Round "8"]
[White "Eljanov,P"]
[Black "Smeets,J"]
[Result "1/2-1/2"]
[WhiteElo "2717"]
[BlackElo "2642"]

1.d4 d5 2.c4 c6 3.Nf3 Nf6 4.e3 Bg4 5.Qb3 Qb6 6.Nc3 e6 7.Nh4 Bh5 8.h3 Be7
9.g4 Bg6 10.Nxg6 hxg6 11.Bg2 g5 12.Bd2 Na6 13.Qa4 Qb4 14.Qc2 Qd6 15.c5 Qc7
16.f4 gxf4 17.exf4 b6 18.Qa4 Nb8 19.b4 a5 20.a3 Qb7 21.Qd1 axb4 22.axb4 Rxa1
23.Qxa1 Nbd7 24.O-O O-O 25.Rb1 Ra8 26.Qb2 Ra7 27.Ra1 g6 28.Rxa7 Qxa7 29.Bf3 Bf8
30.Qa2 Qb7 31.Kg2 Bg7 32.Be3 Ne8 33.Qa3 Nc7 34.Be2 bxc5 35.bxc5 g5 36.fxg5 e5
37.dxe5 Bxe5 38.Na4 Ne6 39.Nb6 d4 40.Bd2 Ndxc5 41.Nc4 Bf4 42.h4 Bxd2 43.Nxd2 Nf4+
44.Kf1 Ne4 45.Nxe4 Qb1+ 46.Kf2 Qxe4 47.Qf3 Qe5 48.Bc4 Kg7 49.Kg3 Ne6+ 50.Kh3 c5
51.Bxe6 Qxe6 52.h5 c4 53.h6+ Kh7 54.Kh4 d3 55.Qf4 Qe1+ 56.Kh3 Qh1+ 57.Kg3 Qe1+
58.Kh3 Qh1+ 59.Kg3 Qe1+  1/2-1/2

[Event "17th TCh-Eur"]
[Site "Novi Sad SRB"]
[Date "2009.10.30"]
[Round "9"]
[White "Sutovsky,E"]
[Black "Eljanov,P"]
[Result "0-1"]
[WhiteElo "2676"]
[BlackElo "2717"]

1.e4 e5 2.Nf3 Nc6 3.Nc3 Nf6 4.Bb5 Bd6 5.d3 a6 6.Bxc6 dxc6 7.h3 Nd7 8.Bg5 f6
9.Be3 O-O 10.Nh4 Nc5 11.Nf5 Ne6 12.h4 g6 13.Nh6+ Kh8 14.g4 Kg7 15.Rg1 Nf4
16.g5 fxg5 17.hxg5 Be7 18.Ng4 Qd6 19.d4 Bxg4 20.Rxg4 Rad8 21.Qd2 Qe6 22.f3 Bc5
23.O-O-O Bxd4 24.Bxf4 exf4 25.Rxf4 Be5 26.Rf6 Bxf6 27.gxf6+ Qxf6  0-1

[Event "TCh-AUT 2009-10"]
[Site "Jenbach AUT"]
[Date "2009.11.07"]
[Round "2"]
[White "Ragger,M"]
[Black "Eljanov,P"]
[Result "1/2-1/2"]
[WhiteElo "2565"]
[BlackElo "2729"]

1.e4 e5 2.Nf3 Nc6 3.Bb5 a6 4.Ba4 Nf6 5.O-O Be7 6.Re1 b5 7.Bb3 d6 8.c3 O-O
9.h3 Na5 10.Bc2 c5 11.d4 Qc7 12.Nbd2 Re8 13.Nf1 Bb7 14.d5 Nc4 15.a4 Nb6 16.Ne3 g6
17.Qe2 c4 18.Ng4 Nxg4 19.hxg4 Bc8 20.Nh2 Bd7 21.axb5 axb5 22.Rxa8 Rxa8 23.g5 Qd8
24.Qe3 Ra1 25.Rf1 Na4 26.Bxa4 bxa4 27.f4 exf4 28.Qxf4 Qe8 29.Nf3 Bf8 30.e5 dxe5
31.Nxe5 Bd6 32.Qxf7+ Qxf7 33.Nxf7 Bc5+ 34.Kh2 Kg7 35.Nh6 Bd6+ 36.Kg1 Bc5+
37.Kh2 Be8 38.Re1 Bd6+ 39.Kg1 Bf4 40.Bxf4 Rxe1+ 41.Kf2 Re7 42.Be3 Rc7 43.Bb6 Rc8
44.Ke3 Bd7 45.Kf4 Kf8 46.Ke5 Ke7 47.Kd4 Bf5 48.Bc5+ Kd7 49.Nf7 Re8 50.Ne5+ Rxe5
51.Kxe5 Bd3 52.g3 Be2 53.Kd4 Bf1 54.Bf8 Be2 55.Kc5 Bd3 56.Bg7 Be2 57.Be5 Bf1
58.Kb5 Be2 59.Bf4 Bf1 60.Be5 Be2 61.Kxa4 Bf3 62.b4 Bxd5 63.Kb5 Kc8 64.Kb6 Bf3
65.b5 Bg2 66.Ka6 Bb7+ 67.Kb6 Bg2 68.Bf4 Bf3 69.Ka7 Bg2 70.b6 Bf3 71.Ka6 Bd5
72.Be5 Bc6 73.Ka5 Kb7 74.Kb4 Bd5 75.Kc5 Be6 76.Bf4  1/2-1/2

[Event "TCh-AUT 2009-10"]
[Site "Jenbach AUT"]
[Date "2009.11.08"]
[Round "3"]
[White "Eljanov,P"]
[Black "Kurnosov,I"]
[Result "0-1"]
[WhiteElo "2729"]
[BlackElo "2666"]

1.d4 Nf6 2.c4 g6 3.Nc3 d5 4.Bg5 Bg7 5.Bxf6 Bxf6 6.cxd5 c6 7.e4 Qb6 8.e5 Qxb2
9.Nge2 Bg7 10.g3 O-O 11.Bg2 cxd5 12.Rb1 Qa3 13.Nxd5 Nc6 14.O-O Bg4 15.Rxb7 Rab8
16.Rxb8 Rxb8 17.Ndc3 Bxe2 18.Nxe2 Nb4 19.e6 Qxa2 20.exf7+ Qxf7 21.d5 e6 22.dxe6 Qxe6
23.Nf4 Qf7 24.Re1 a5 25.Bh3 Kh8 26.Qd6 Qf8 27.Qc7 Qd8 28.Qa7 Nc6 29.Qc5 Nd4
30.Bg4 a4 31.h4 a3 32.h5 a2 33.hxg6 Rb1 34.Bd1 Nf3+ 35.Bxf3 Rxe1+ 36.Kh2 a1=Q
37.gxh7 Qad4 38.Qc2 Qxf4  0-1

[Event "TCh-CRO Gp1A"]
[Site "Sibenik CRO"]
[Date "2010.09.07"]
[Round "4"]
[White "Eljanov,P"]
[Black "Khenkin,I"]
[Result "1/2-1/2"]
[WhiteElo "2761"]
[BlackElo "2614"]

1.d4 Nf6 2.c4 e6 3.g3 d5 4.Bg2 Nc6 5.cxd5 exd5 6.Nc3 Bb4 7.Bg5 h6 8.Bxf6 Qxf6
9.e3 Qd6 10.Ne2 Ne7 11.a3 Bxc3+ 12.Nxc3 O-O 13.O-O c6 14.b4 Bf5 15.b5 Rfc8
16.Qb3 Bd3 17.bxc6 Bc4 18.Qb4 Qxb4 19.axb4 Rxc6 20.Rfc1 Rac8 21.Na4 b6 22.Ra3 Kf8
23.h4 R8c7 24.Bf3 Ke8 25.Kg2 Kd7 26.Nb2 Bb5 27.Rca1 Rc2 28.Nd3 Bxd3 29.Rxd3 Rb2
30.Rda3 Rcc2 31.Rxa7+ Ke6 32.g4 Rxf2+ 33.Kg3 Rfc2 34.Rb7 Rxb4 35.Ra8 Nc8
36.g5 hxg5 37.hxg5 Nd6 38.Rba7 Kf5 39.Rd8 Ne4+ 40.Bxe4+ Kxe4 41.Re8+ Kd3
42.Rxf7 Re2 43.Rxg7 Rxe3+ 44.Rxe3+ Kxe3 45.g6 Rb1 46.Kg4 Kxd4 47.Kf5 Rf1+
48.Ke6 Rg1 49.Kf6 Rf1+ 50.Ke6 Rg1  1/2-1/2

[Event "TCh-TUR 2011"]
[Site "Konya TUR"]
[Date "2011.06.28"]
[Round "1"]
[White "Miroshnichenko,E"]
[Black "Eljanov,P"]
[Result "1/2-1/2"]
[WhiteElo "2651"]
[BlackElo "2712"]

1.c4 Nf6 2.Nc3 e5 3.Nf3 Nc6 4.d3 Bb4 5.e4 d6 6.Be2 O-O 7.O-O h6 8.Na4 a5
9.Kh1 Qe7 10.Ne1 Nd4 11.Nc2 Nxc2 12.Qxc2 Bd7 13.Nc3 Bc5 14.f4 c6 15.Bf3 b5
16.Bd2 bxc4 17.dxc4 Bd4 18.Ne2 c5 19.Nxd4 cxd4 20.b3 Rfc8 21.Rae1 Bg4 22.Qd3 Bxf3
23.gxf3 a4 24.fxe5 dxe5 25.Rg1 Kh7 26.f4 axb3 27.axb3 Ra2 28.Re2 Rca8 29.Reg2 g6
30.f5 g5 31.Rxg5 Qb7 32.Rg7+ Kh8 33.Qh3 Qxe4+ 34.R7g2 Ng4 35.Qxg4 Qxg4 36.Rxg4 Rxd2
37.Rh4 Kh7 38.f6 Rg8 39.Re4 Rxg1+ 40.Kxg1 Kg6 41.Rxe5 Kxf6 42.Rd5 Ke6 43.b4 f5
44.b5 h5 45.b6 Rb2 46.Rxd4 Rxb6 47.Rh4 Ke5 48.Rxh5 Ke4 49.Rh3 Rb1+  1/2-1/2

[Event "TCh-TUR 2011"]
[Site "Konya TUR"]
[Date "2011.07.02"]
[Round "6"]
[White "Parligras,M"]
[Black "Eljanov,P"]
[Result "1/2-1/2"]
[WhiteElo "2626"]
[BlackElo "2712"]

1.e4 e5 2.Nf3 Nc6 3.Bb5 Nf6 4.O-O Nxe4 5.Re1 Nd6 6.Nxe5 Be7 7.Bf1 Nf5 8.c3 Nxe5
9.Rxe5 d6 10.Re1 c5 11.Na3 O-O 12.Nc2 Bf6 13.d3 d5 14.Bf4 d4 15.c4 Nh4 16.b4 Ng6
17.Bg3 Be7 18.bxc5 Bxc5 19.Qf3 a5 20.Rab1 Ra6 21.Qd5 Qxd5 22.cxd5 b6 23.Bc7 Bd7
24.d6 b5 25.Re4 Bxd6 26.Rxd4 Bxc7 27.Rxd7 Ra7 28.g3 b4 29.d4 Rd8 30.Rxd8+ Bxd8
31.a3 Rc7 32.Rb2 Be7  1/2-1/2

[Event "TCh-TUR 2011"]
[Site "Konya TUR"]
[Date "2011.07.05"]
[Round "9"]
[White "Eljanov,P"]
[Black "Mchedlishvili,M"]
[Result "0-1"]
[WhiteElo "2712"]
[BlackElo "2629"]

1.c4 e5 2.g3 Nc6 3.Bg2 g6 4.Nc3 Bg7 5.d3 Nf6 6.e4 d6 7.Nge2 O-O 8.O-O Nh5
9.Be3 f5 10.exf5 gxf5 11.Nd5 Be6 12.Nec3 Nf6 13.Nb5 Bxd5 14.cxd5 Ne7 15.Qb3 f4
16.gxf4 Ng4 17.fxe5 Bxe5 18.h3 Nxe3 19.fxe3 Nf5 20.d4 Bg7 21.Qd3 Qg5 22.Rxf5 Rxf5
23.Nxc7 Rc8 24.Ne6 Qg6 25.e4 Rf7 26.Re1 Bh6 27.Re2 Kh8 28.Kh2 Rg8 29.Qc3 Rf1
30.h4 Qg4  0-1

[Event "TCh-ISR 2011-12"]
[Site "Israel ISR"]
[Date "2011.12.16"]
[Round "1.1"]
[White "Eljanov,P"]
[Black "Novikov,I"]
[Result "1-0"]
[WhiteElo "2691"]
[BlackElo "2560"]

1.d4 d5 2.c4 e6 3.Nf3 Nf6 4.g3 dxc4 5.Bg2 a6 6.O-O b5 7.Ne5 Nd5 8.a4 Bb7
9.axb5 axb5 10.Rxa8 Bxa8 11.e4 Nf6 12.Nc3 c6 13.d5 cxd5 14.exd5 Bxd5 15.Bxd5 exd5
16.Ng4 Be7 17.Nxf6+ Bxf6 18.Re1+ Kf8 19.Nxd5 Nc6 20.Be3 h5 21.Bc5+ Kg8 22.Be7 Qc8
23.Bxf6 gxf6 24.Nxf6+ Kg7 25.Nxh5+ Kh6 26.Qd6+ Kxh5 27.Re4 Kg5 28.h4+ Kh5
29.Qf6 Rg8 30.Qxf7+  1-0

[Event "81st ch-UKR 2012"]
[Site "Kiev UKR"]
[Date "2012.08.04"]
[Round "8.4"]
[White "Vovk,Y"]
[Black "Eljanov,P"]
[Result "1-0"]
[WhiteElo "2562"]
[BlackElo "2693"]

1.e4 e5 2.Nf3 Nc6 3.Bc4 Bc5 4.c3 Nf6 5.d3 O-O 6.O-O d6 7.Bg5 h6 8.Bh4 a6
9.Nbd2 Ba7 10.a4 Kh7 11.Re1 Ne7 12.Bxf6 gxf6 13.d4 Ng6 14.Nf1 Be6 15.Qb3 Bg4
16.Bxf7 Nf4 17.Re3 Qd7 18.Bc4 c6 19.Ng3 d5 20.Bf1 Rae8 21.h3 Be6 22.exd5 Bxd5
23.Qc2+ Kh8 24.Rd1 Rg8 25.Kh2 e4 26.Nh4 c5 27.dxc5 Bxc5 28.c4 Bxe3 29.fxe3 Qc7
30.exf4 Qxf4 31.Nf5 Bc6 32.Be2 e3 33.Rf1 Qc7 34.Bg4 Re5 35.Nxh6 e2 36.Re1 Rge8
37.Qg6 Rf8 38.Nhf5  1-0

[Event "TCh-ISL 2012-13"]
[Site "Reykjavik ISL"]
[Date "2012.10.07"]
[Round "4.4"]
[White "Arngrimsson,D"]
[Black "Eljanov,P"]
[Result "0-1"]
[WhiteElo "2393"]
[BlackElo "2681"]

1.d4 Nf6 2.c4 e6 3.Nc3 Bb4 4.Qc2 O-O 5.a3 Bxc3+ 6.Qxc3 d6 7.Nf3 Nbd7 8.g3 b6
9.Bg2 Bb7 10.O-O c5 11.Rd1 Qc7 12.b3 Rae8 13.Bb2 Ne4 14.Qc2 f5 15.dxc5 bxc5
16.Ne1 e5 17.Qd3 Rf6 18.Nc2 Ng5 19.Ne3 Bxg2 20.Kxg2 Nb6 21.h4 Qb7+ 22.Nd5 Ne6
23.Kg1 Nxd5 24.Qxd5 Qxb3 25.Rab1 Qc2 26.Rdc1 Qxe2 27.Qxd6 Nf4 28.Qxc5 Qe4  0-1

[Event "20th TCh-RUS 2013"]
[Site "Loo RUS"]
[Date "2013.04.07"]
[Round "1"]
[White "Skatchkov,P"]
[Black "Eljanov,P"]
[Result "0-1"]
[WhiteElo "2485"]
[BlackElo "2703"]

1.d4 Nf6 2.Nf3 g6 3.c4 Bg7 4.Nc3 d5 5.cxd5 Nxd5 6.g3 Nxc3 7.bxc3 Bf5 8.Bg2 Be4
9.O-O c5 10.Qb3 O-O 11.Ba3 Nd7 12.Rad1 Qa5 13.Bh3 e6 14.d5 Bxd5 15.Rxd5 exd5
16.Bxd7 Rfd8 17.Bg4 c4 18.Qb2 Bxc3 19.Qc1 Bg7 20.Rd1 h5 21.Bh3 d4 22.Ng5 Bh6
23.Be7 Rd5 24.f4 Re8 25.Qxc4 Rxe7 26.Nxf7 Rxf7 27.Be6 Rf5 28.e4 Rf6 29.Rxd4 Rxe6
30.Qxe6 Qc5 31.Qe8+ Bf8 32.Qd8 Qc7  0-1

[Event "XXII TCh-MKD 2013"]
[Site "Struga MKD"]
[Date "2013.08.02"]
[Round "5.2"]
[White "Arnaudov,G"]
[Black "Eljanov,P"]
[Result "0-1"]
[WhiteElo "2487"]
[BlackElo "2702"]

1.d4 Nf6 2.c4 e6 3.Nc3 Bb4 4.e3 O-O 5.Bd3 c5 6.Nf3 b6 7.O-O Bb7 8.Na4 cxd4
9.a3 Bd6 10.exd4 Nc6 11.Nc3 h6 12.h3 Rc8 13.Be3 Ne7 14.Rc1 Bb8 15.b4 Nf5
16.Bxf5 exf5 17.c5 Nd5 18.Nxd5 Bxd5 19.Ne5 bxc5 20.bxc5 d6 21.cxd6 Qxd6 22.Bf4 Qxa3
23.Qd2 Rfd8 24.Rxc8 Rxc8 25.Nd7 Bxf4 26.Qxf4 Qa6 27.Re1 Qc6 28.Ne5 Qc2 29.Nd7 Qc6
30.Ne5 Qc2 31.Nd7 Bxg2 32.Nf6+ Kh8 33.Qe5 Qc6 34.d5 gxf6 35.dxc6 fxe5 36.Kxg2 f6
37.Rc1 Kg7 38.c7 a5 39.Rc5 a4 40.f4 e4 41.Kg3 a3 42.Kh4 Kg6 43.Rc2 a2 44.Rxa2 Rxc7
45.Rg2+ Kf7 46.Kh5 Rc3 47.h4 Rf3 48.Rg7+ Ke6  0-1

[Event "XXII TCh-MKD 2013"]
[Site "Struga MKD"]
[Date "2013.08.03"]
[Round "6.2"]
[White "Eljanov,P"]
[Black "Kutirov,R"]
[Result "1-0"]
[WhiteElo "2702"]
[BlackElo "2326"]

1.e4 c6 2.d4 d5 3.e5 Bf5 4.Nf3 e6 5.Be2 Bg6 6.O-O Ne7 7.c3 Nd7 8.Nbd2 a5
9.Nh4 a4 10.Nxg6 hxg6 11.Nf3 Nf5 12.g3 b5 13.Bf4 Be7 14.h4 f6 15.Kg2 fxe5
16.dxe5 O-O 17.Rh1 Nc5 18.Qc2 Qe8 19.Rad1 Ra7 20.Ng5 Bxg5 21.hxg5 Ra8 22.Rh3 Qd8
23.Rdh1 Qb6 24.g4 Ne4 25.Bf3 Ne7 26.Be3 Qc7 27.Bxe4 dxe4 28.Qxe4 Kf7 29.Qf3+ Ke8
30.Rh8  1-0